Statistics for Largest Desert Cities in the U.S.

Click here to take the quiz!

General Stats

  • This quiz has been taken 101 times
  • The average score is 7 of 14

Answers on the Map

Answers color-coded by a green-red scale on the quiz's map according to % correct below.
 

Answer Stats

Metro Area PopulationAnswer% Correct
4.8MPhoenix
96%
2.3MLas Vegas
95%
1.0MTucson
88%
920kAlbuquerque
86%
870kEl Paso
83%
490kReno
79%
200kYuma
49%
910kBakersfield
48%
220kLas Cruces
46%
210kLake Havasu City
27%
160kGrand Junction
15%
180kEl Centro
11%
260kYakima
5%
300kKennewick
2%

Score Distribution

Percentile by Number Answered

Percent of People with Each Score

Your Score History

You have not taken this quiz